000 00466nam a2200169Ia 4500
003 GCL
008 140319s9999 xx 000 0 eng d
040 _aGCL /
_cGCL
082 0 4 _a302.23
_bW P
100 1 _aWHELLER, MARK
245 1 0 _aPOLITICS AND THE MASS MEDIA /
_cWHELLER, MARK
260 _a[S.N] :
_bBLACK WELL PUBLISHERS ،
_c1997
300 _a274 P
650 0 4 _aMASS MEDIA - POLITICAL ASPECTS
650 0 4 _aMASS MEDIA - TECHNOLOGICAL
942 _2ddc
_cBK
999 _c14757
_d14757